It looks like you're offline.
Open Library logo
additional options menu

MARC record from Internet Archive

LEADER: 00436nam 2200133z 4500
001 v100357769
005 20041206073228.0
008 041206n xx | u||| ||und u
020 $a1871551617
100 $aCONNOLLY, PATRICK CARILL.
245 $aMATTHEW ARNOLD AND 'THYRSIS'.
260 $aLONDON$bGREENWICH EXCHANGE$c2004
980 $a041208$b12.99$e12.34$f62427
949 $aLH-DSO73-160909$wASIS$c1$i5302095-1001$lVENDOR$mCOLL_DEV$rY$sY$tBOOK$u13/12/2004